Normal view
MARC view
- Accountant
Entry Topical Term
001 - CONTROL NUMBER
- control field: 45398
003 - CONTROL NUMBER IDENTIFIER
- control field: OSt
005 - DATE AND TIME OF LATEST TRANSACTION
- control field: 20220606114816.0
008 - FIXED-LENGTH DATA ELEMENTS
- fixed length control field: 220606|| aca||aabn | a|a d
040 ## - CATALOGING SOURCE
- Original cataloging agency: OSt
- Transcribing agency: OSt
150 ## - HEADING--TOPICAL TERM
- Topical term or geographic name entry element: Accountant
- General subdivision: Profession.
670 ## - SOURCE DATA FOUND
- Source citation: Work cat.: (OSt): Kravits, Richard H. 45397, Evaluating the AICPA's CPA horizon 2025:, ©2012.
